[Event "Mike Shpan mem"]
[Site "Winnipeg CAN"]
[Date "2010.11.23"]
[Round "4"]
[White "Reimer, Bruce"]
[Black "Wasserman, Leor"]
[Result "0-1"]
[WhiteElo "1585"]
[BlackElo "1776"]
[PlyCount "60"]
[EventDate "2010.11.02"]
[EventType "swiss"]
[EventRounds "6"]
[EventCountry "CAN"]

1. c4 c5 2. g3 g6 3. Bg2 Bg7 4. Nc3 Nc6 5. e4 e5 6. Nge2 Nge7 7. O-O O-O 8. d3
d6 9. a3 a6 10. Rb1 Rb8 11. b4 cxb4 12. axb4 b5 13. Ba3 f5 14. exf5 Bxf5 15.
Nd5 bxc4 16. Be4 cxd3 17. Qxd3 Bxe4 18. Qxe4 Qd7 19. Nec3 Nd4 20. Nxe7+ Qxe7
21. Rfd1 Qf6 22. Rb2 Kh8 23. Nd5 Qg5 24. b5 Qh5 25. Rd3 Nf3+ 26. Rxf3 Qxf3 27.
Qb4 Qd1+ 28. Kg2 Qxd5+ 29. Kg1 Rxb5 30. Rd2 Rxb4 0-1

[Event "Mike Shpan mem"]
[Site "Winnipeg CAN"]
[Date "2010.11.23"]
[Round "4"]
[White "Trueman, Francis"]
[Black "Kontzamanis, Mike"]
[Result "1-0"]
[WhiteElo "1557"]
[BlackElo "1308"]
[PlyCount "53"]
[EventDate "2010.11.02"]
[EventType "swiss"]
[EventRounds "6"]
[EventCountry "CAN"]

1. Nf3 d5 2. d3 Nf6 3. Nbd2 Nc6 4. g3 e5 5. e4 d4 6. a4 Be7 7. Bg2 O-O 8. O-O
h6 9. Nc4 Be6 10. Ncxe5 Nxe5 11. Nxe5 c5 12. f4 Bd6 13. Nf3 Bc7 14. e5 Ng4 15.
Qe2 Qd7 16. Nh4 Rab8 17. f5 Nxe5 18. fxe6 Qxe6 19. Bf4 Rfe8 20. Nf3 Nxf3+ 21.
Qxf3 Bxf4 22. Qxf4 Qe3+ 23. Qxe3 dxe3 24. Rae1 Re7 25. Re2 b5 26. axb5 Rxb5 27.
b3 1-0

[Event "Mike Shpan mem"]
[Site "Winnipeg CAN"]
[Date "2010.11.23"]
[Round "4"]
[White "Wolchock, Theo"]
[Black "Iomdina, Alexander"]
[Result "1-0"]
[WhiteElo "1547"]
[BlackElo "1421"]
[PlyCount "63"]
[EventDate "2010.11.02"]
[EventType "swiss"]
[EventRounds "6"]
[EventCountry "CAN"]

1. e4 c5 2. Nf3 d6 3. Nc3 Nf6 4. Bc4 g6 5. O-O Bg7 6. h3 e5 7. d3 O-O 8. Bg5
Nc6 9. Qd2 Nd4 10. Nxd4 cxd4 11. Nd5 Qe7 12. Nxe7+ Kh8 13. Nd5 Ng8 14. Qb4 h6
15. Be7 Nxe7 16. Nxe7 Rd8 17. Bxf7 Rd7 18. Nxc8 Rxf7 19. Nxd6 Rd7 20. Nc4 Bf8
21. Qb5 Rc7 22. Qxe5+ Rg7 23. Qxd4 b6 24. Qd5 Be7 25. Qxa8+ Kh7 26. f4 Bh4 27.
f5 g5 28. f6 Rf7 29. Qe8 Kg6 30. Ne5+ Kh7 31. Qxf7+ Kh8 32. Qg7# 1-0

[Event "Mike Shpan mem"]
[Site "Winnipeg CAN"]
[Date "2010.11.23"]
[Round "4.6"]
[White "Campbell, Gary"]
[Black "Arzhang, Ahmed"]
[Result "1-0"]
[WhiteElo "1648"]
[BlackElo "1321"]
[PlyCount "35"]
[EventDate "2010.11.02"]
[EventType "swiss"]
[EventRounds "6"]
[EventCountry "CAN"]

1. d4 Nf6 2. c4 e6 3. Nc3 Bb4 4. e3 c5 5. Bd3 O-O 6. Nge2 Nc6 7. O-O d5 8. cxd5
exd5 9. a3 cxd4 10. exd4 Bd6 11. Bg5 Bxh2+ 12. Kh1 Bc7 13. Qc2 Bg4 14. Bxh7+
Kh8 15. Bf5 Bxe2 16. Nxe2 Rc8 17. Qd3 g6 18. Bxc8 1-0

[Event "Mike Shpan mem"]
[Site "Winnipeg CAN"]
[Date "2010.11.23"]
[Round "4.6"]
[White "Kumaragamage, Shashika"]
[Black "Milord, Frank"]
[Result "0-1"]
[WhiteElo "1400"]
[BlackElo "1669"]
[PlyCount "74"]
[EventDate "2010.11.02"]
[EventType "swiss"]
[EventRounds "6"]
[EventCountry "CAN"]

1. d4 d5 2. c4 c6 3. Nc3 Nf6 4. Bg5 Qa5 5. e3 Ne4 6. Nf3 dxc4 7. Qc2 Nxg5 8.
Nxg5 Qxg5 9. a4 e6 10. g3 Bb4 11. Bxc4 Qa5 12. O-O Bxc3 13. bxc3 Nd7 14. Rfb1
Nb6 15. Bf1 Rb8 16. c4 Bd7 17. c5 Nd5 18. e4 Nf6 19. Bh3 Qc7 20. f4 O-O 21. a5
a6 22. Rb6 h5 23. Qe2 Rfe8 24. Rab1 g6 25. Bg2 Kh7 26. Qb2 Bc8 27. d5 Nd7 28.
d6 Qd8 29. e5 Nxc5 30. Bxc6 Nd7 31. Bxd7 Qxd7 32. Qc3 Kg7 33. Qc7 Qxc7 34. dxc7
Ra8 35. Rd1 Re7 36. Rxb7 Bxb7 37. Rd8 Rxc7 0-1

[Event "Mike Shpan mem"]
[Site "Winnipeg CAN"]
[Date "2010.11.30"]
[Round "5"]
[White "Afolabi, Damola"]
[Black "Czarny, Keith"]
[Result "0-1"]
[WhiteElo "1322"]
[BlackElo "1621"]
[PlyCount "130"]
[EventDate "2010.11.02"]
[EventType "swiss"]
[EventRounds "6"]
[EventCountry "CAN"]

1. g3 f5 2. Bg2 Nf6 3. e3 e5 4. b3 Be7 5. Bb2 d6 6. d3 O-O 7. Nd2 c6 8. Qe2 Na6
9. a3 f4 10. Ngf3 Nc5 11. O-O Bg4 12. Qe1 e4 13. dxe4 Nfxe4 14. exf4 Nxd2 15.
Qxd2 Ne4 16. Qc1 d5 17. Nd2 Nd6 18. Re1 Bf6 19. Be5 Re8 20. Qb2 Nb5 21. a4 Nc7
22. f3 Bd7 23. Re2 Ne6 24. Rae1 Qb6+ 25. Kh1 Nd4 26. Re3 Bf5 27. Bxf6 Rxe3 28.
Rxe3 gxf6 29. Re1 Nxc2 30. Rc1 Nd4 31. Nf1 Kf7 32. Ne3 Bd7 33. a5 Qb4 34. Nc2
Nxc2 35. Qxc2 Kg7 36. Qc3 Qxc3 37. Rxc3 Re8 38. h4 Re1+ 39. Kh2 Ra1 40. Re3 Kf7
41. g4 Rb1 42. f5 d4 43. Rd3 c5 44. f4 Rb2 45. Kg3 Bb5 46. Bd5+ Kg7 47. Bc4 Bc6
48. g5 Be4 49. Rd1 Bxf5 50. Re1 Kf8 51. gxf6 b5 52. axb6 axb6 53. f7 Bd7 54. f5
b5 55. Be6 Bc6 56. Rg1 Re2 57. Kf4 Re4+ 58. Kg5 Re2 59. Kf6 Rg2 60. Rc1 Rg3 61.
Rxc5 Rc3 62. Bc4 bxc4 63. bxc4 Bb7 64. Rb5 Bc8 65. c5 d3 0-1

[Event "Mike Shpan mem"]
[Site "Winnipeg CAN"]
[Date "2010.11.30"]
[Round "5"]
[White "Greenberg, Harley"]
[Black "Reimer, Bruce"]
[Result "0-1"]
[WhiteElo "1719"]
[BlackElo "1585"]
[PlyCount "104"]
[EventDate "2010.11.02"]
[EventType "swiss"]
[EventRounds "6"]
[EventCountry "CAN"]

1. d4 Nf6 2. c4 g6 3. Nf3 Bg7 4. g3 d6 5. Bg2 O-O 6. O-O Nbd7 7. Nc3 e5 8. e4
Re8 9. Be3 Ng4 10. Bg5 f6 11. Bc1 exd4 12. Nxd4 Nb6 13. Qb3 Kh8 14. Rd1 Nd7 15.
f4 Nc5 16. Qc2 a5 17. h3 Nh6 18. Be3 Qe7 19. Nd5 Qf7 20. Nb5 Ne6 21. Ndxc7 Nxc7
22. Nxd6 Qe7 23. Nxe8 Nxe8 24. Qd2 Be6 25. Rac1 Nf7 26. Bb6 Bh6 27. Bxa5 Qc5+
28. Qd4 Qxd4+ 29. Rxd4 Rxa5 30. a3 b6 31. Rc3 Bf8 32. b4 Ra7 33. Kf2 Rd7 34.
Ke3 Rxd4 35. Kxd4 Kg7 36. c5 bxc5+ 37. Rxc5 Bxc5+ 38. Kxc5 Nd8 39. b5 Nb7+ 40.
Kb6 Bc8 41. e5 Nd8 42. a4 Ne6 43. a5 N6c7 44. a6 fxe5 45. fxe5 Kf7 46. Bc6 Nxb5
47. Bxb5 Bxa6 48. Bxa6 Ke6 49. Kc5 Kxe5 50. Bd3 Nf6 51. h4 Ne4+ 52. Kc4 Nxg3
0-1

[Event "Mike Shpan mem"]
[Site "Winnipeg CAN"]
[Date "2010.11.30"]
[Round "5"]
[White "Iomdina, Alexander"]
[Black "Chewynn, Masur"]
[Result "1-0"]
[WhiteElo "1421"]
[BlackElo "1207"]
[PlyCount "57"]
[EventDate "2010.11.02"]
[EventType "swiss"]
[EventRounds "6"]
[EventCountry "CAN"]

1. d4 d5 2. c4 Nf6 3. Nc3 Bf5 4. Bg5 Nbd7 5. cxd5 e6 6. e4 Bg6 7. e5 h6 8. dxe6
fxe6 9. exf6 gxf6 10. Bf4 Nb6 11. Bd3 f5 12. Nf3 Nd5 13. Nxd5 Qxd5 14. O-O Be7
15. Bxc7 Bg5 16. Nxg5 hxg5 17. Qd2 Rh5 18. Rfe1 Rc8 19. Rxe6+ Qxe6 20. Re1 Bf7
21. Rxe6+ Bxe6 22. Bb5+ Kf7 23. Qc2 a6 24. Bc4 Rh6 25. Bxe6+ Rxe6 26. Qxf5+ Rf6
27. Qxc8 Rc6 28. h3 b5 29. Qd7+ 1-0

[Event "Mike Shpan mem"]
[Site "Winnipeg CAN"]
[Date "2010.11.30"]
[Round "5"]
[White "Joven, Perfecto"]
[Black "Lipic, Stephen"]
[Result "1/2-1/2"]
[WhiteElo "1949"]
[BlackElo "1823"]
[PlyCount "78"]
[EventDate "2010.11.02"]
[EventType "swiss"]
[EventRounds "6"]
[EventCountry "CAN"]

1. e4 e6 2. d4 f5 3. Nc3 fxe4 4. Nxe4 Nf6 5. Bg5 Be7 6. Bd3 O-O 7. Nf3 b6 8.
O-O Bb7 9. Qe2 Nd5 10. Qd2 Nb4 11. Qxb4 Bxb4 12. Bxd8 Rxd8 13. Neg5 h6 14. Ne4
Rf8 15. Ne5 Rf4 16. f3 Nc6 17. Ng6 Rf7 18. c3 Bf8 19. Rae1 a5 20. a3 Ba6 21.
Bxa6 Rxa6 22. f4 Bd6 23. g3 Ne7 24. Nxe7+ Bxe7 25. h4 b5 26. Nc5 Bxc5 27. dxc5
Rf5 28. Rd1 Rd5 29. Rxd5 exd5 30. Rd1 c6 31. Kf2 Kf7 32. Re1 Ra8 33. Kf3 Kf6
34. g4 Rb8 35. g5+ hxg5 36. hxg5+ Kf7 37. b4 axb4 38. cxb4 Ra8 39. Re3 Re8
1/2-1/2

[Event "Mike Shpan mem"]
[Site "Winnipeg CAN"]
[Date "2010.11.30"]
[Round "5"]
[White "Li, Henry"]
[Black "Kumaragamage, Shashika"]
[Result "1/2-1/2"]
[WhiteElo "1447"]
[BlackElo "1400"]
[PlyCount "127"]
[EventDate "2010.11.02"]
[EventType "swiss"]
[EventRounds "6"]
[EventCountry "CAN"]

1. e4 c6 2. d4 d5 3. Nc3 dxe4 4. Nxe4 Bf5 5. Bd3 Qxd4 6. Qf3 Bxe4 7. Bxe4 Nf6
8. Bd3 e6 9. Ne2 Qg4 10. Qxg4 Nxg4 11. Nc3 Bd6 12. h3 Ne5 13. Be2 O-O 14. Bf4
Nf3+ 15. Bxf3 Bxf4 16. g3 Bh6 17. h4 Rd8 18. Rd1 Nd7 19. g4 Ne5 20. Be2 Rxd1+
21. Nxd1 Bf4 22. Nc3 Rd8 23. O-O f5 24. gxf5 exf5 25. Rd1 Rxd1+ 26. Bxd1 Kf7
27. Kg2 Bc1 28. b3 Kf6 29. Kg3 h6 30. Ne2 Ba3 31. f4 Ng6 32. h5 Ne7 33. c4 Bd6
34. a4 g6 35. hxg6 Nxg6 36. Bc2 c5 37. Bd1 h5 38. Bc2 h4+ 39. Kf3 h3 40. Kg3 h2
41. Kxh2 Nxf4 42. Nxf4 Bxf4+ 43. Kg2 Ke5 44. Bd1 Be3 45. Kf3 f4 46. Bc2 Kd4 47.
Ke2 Kc3 48. Bd1 Kb4 49. Kd3 a6 50. Ke2 Kc3 51. Ke1 Kd3 52. Bf3 b6 53. Bb7 Kc3
54. Bxa6 Kxb3 55. Ke2 Kxa4 56. Bb5+ Kb4 57. Kf3 Kc3 58. Ke4 Kd2 59. Kf3 Ke1 60.
Ba6 Kd2 61. Bb5 Kd3 62. Ba6 Kc3 63. Bb5 Kb4 64. Ke4 1/2-1/2

[Event "Mike Shpan mem"]
[Site "Winnipeg CAN"]
[Date "2010.11.30"]
[Round "5"]
[White "Milord, Frank"]
[Black "Czypinski, Jaroslaw"]
[Result "0-1"]
[WhiteElo "1669"]
[BlackElo "1960"]
[PlyCount "58"]
[EventDate "2010.11.02"]
[EventType "swiss"]
[EventRounds "6"]
[EventCountry "CAN"]

1. d4 d5 2. c4 e6 3. Nc3 Nf6 4. cxd5 exd5 5. a3 c5 6. Nf3 Bg4 7. h3 Bh5 8. g4
Bg6 9. e3 Nc6 10. Qa4 Qa5 11. Bb5 Qxa4 12. Bxa4 O-O-O 13. dxc5 Bxc5 14. Bxc6
bxc6 15. Ne5 Kc7 16. b4 Bd6 17. Nf3 Ne4 18. Ne2 a5 19. bxa5 Rb8 20. O-O f5 21.
g5 Bh5 22. Ned4 c5 23. Ne6+ Kd7 24. Nxg7 Bxf3 25. Nxf5 Rhg8 26. h4 Be5 27. Ra2
Ke6 28. Nh6 Nxg5 29. Nxg8 Nh3# 0-1

[Event "Mike Shpan mem"]
[Site "Winnipeg CAN"]
[Date "2010.11.30"]
[Round "5"]
[White "Milward, David"]
[Black "Trueman, Francis"]
[Result "0-1"]
[WhiteElo "1736"]
[BlackElo "1557"]
[PlyCount "20"]
[EventDate "2010.11.02"]
[EventType "swiss"]
[EventRounds "6"]
[EventCountry "CAN"]

1. e4 d6 2. d4 Nf6 3. Nc3 g6 4. f3 Bg7 5. Be3 O-O 6. Qd2 c6 7. O-O-O a5 8. g4
b5 9. h4 h5 10. g5 Nfd7 0-1

[Event "Mike Shpan mem"]
[Site "Winnipeg CAN"]
[Date "2010.11.30"]
[Round "5"]
[White "Ott, Richard"]
[Black "Wolchock, Theo"]
[Result "0-1"]
[WhiteElo "1694"]
[BlackElo "1551"]
[PlyCount "68"]
[EventDate "2010.11.02"]
[EventType "swiss"]
[EventRounds "6"]
[EventCountry "CAN"]

1. d4 e6 2. c4 Nc6 3. g3 Nf6 4. Bg2 Be7 5. Nc3 O-O 6. Nf3 h6 7. O-O b6 8. Ne5
Bb7 9. a3 a5 10. Nxc6 Bxc6 11. e4 d6 12. Be3 Re8 13. Qc2 Qc8 14. Bh3 Qb7 15. d5
exd5 16. exd5 Bd7 17. Bxd7 Nxd7 18. Qf5 Ne5 19. b3 Bf6 20. Ne4 Nd7 21. Nxf6+
Nxf6 22. Bxh6 Re5 23. Qf3 Ne4 24. Qg4 g6 25. f3 Nf6 26. Qd4 Rae8 27. Bf4 Nd7
28. Bxe5 dxe5 29. Qg4 Nc5 30. Rab1 c6 31. d6 Rd8 32. Rfd1 b5 33. Qg5 Qb6 34.
Qxe5 Nd3+ 0-1

[Event "Mike Shpan mem"]
[Site "Winnipeg CAN"]
[Date "2010.11.30"]
[Round "5"]
[White "Wasserman, Leor"]
[Black "Campbell, Gary"]
[Result "1-0"]
[WhiteElo "1776"]
[BlackElo "1648"]
[PlyCount "60"]
[EventDate "2010.11.02"]
[EventType "swiss"]
[EventRounds "6"]
[EventCountry "CAN"]

1. e4 e6 2. d4 d5 3. exd5 exd5 4. Bd3 Nc6 5. Ne2 Nf6 6. c4 Bb4+ 7. Nbc3 O-O 8.
O-O Re8 9. Qc2 h6 10. cxd5 Nxd5 11. Nxd5 Qxd5 12. Bc4 Qd8 13. Bxh6 Rxe2 14.
Qxe2 gxh6 15. Qh5 Qf6 16. a3 Bd6 17. Rfe1 Nxd4 18. Re8+ Kg7 19. Rxc8 Rxc8 20.
Qg4+ Qg5 21. Qxd4+ Kg8 22. Re1 Rd8 23. Qe4 Kf8 24. g3 Qg6 25. Qxb7 Qc2 26. Qd5
Qg6 27. Qd4 Qg7 28. Qh4 Re8 29. Rxe8+ Kxe8 30. Bb5+ Kf8 1-0

[Event "Mike Shpan mem"]
[Site "Winnipeg CAN"]
[Date "2010.12.07"]
[Round "6"]
[White "Campbell, Gary"]
[Black "Wolchock, Theo"]
[Result "1-0"]
[WhiteElo "1648"]
[BlackElo "1551"]
[PlyCount "89"]
[EventDate "2010.11.02"]
[EventType "swiss"]
[EventRounds "6"]
[EventCountry "CAN"]

1. d4 e6 2. c4 Nf6 3. Nc3 Bb4 4. e3 O-O 5. Bd3 Nc6 6. Nf3 b6 7. O-O Bb7 8. e4
h6 9. e5 Ne8 10. a3 Bxc3 11. bxc3 Ne7 12. Re1 Ng6 13. Be4 Qc8 14. Bxb7 Qxb7 15.
d5 d6 16. dxe6 fxe6 17. exd6 Nxd6 18. Rxe6 Nf4 19. Bxf4 Rxf4 20. Qe2 Raf8 21.
Re1 Rg4 22. Rxd6 Kh8 23. Rd4 Rg6 24. Qe4 Qxe4 25. Rexe4 Rxf3 26. Re3 Rf7 27. h4
Rgf6 28. f3 Rf5 29. Re8+ Kh7 30. Ra8 Ra5 31. Rdd8 Rxa3 32. h5 g6 33. Rh8+ Kg7
34. Rag8+ Kf6 35. Rxh6 Rg7 36. Rxg6+ Rxg6 37. Rxg6+ Kf7 38. Rg3 Ra5 39. h6 Rh5
40. Rg7+ Kf6 41. Rxc7 Rxh6 42. Rxa7 Ke5 43. Rd7 Rc6 44. Rd4 Re6 45. Re4+ 1-0

[Event "Mike Shpan mem"]
[Site "Winnipeg CAN"]
[Date "2010.12.07"]
[Round "6"]
[White "Czypinski, Jaroslaw"]
[Black "Czarny, Keith"]
[Result "1-0"]
[WhiteElo "1960"]
[BlackElo "1621"]
[PlyCount "105"]
[EventDate "2010.11.02"]
[EventType "swiss"]
[EventRounds "6"]
[EventCountry "CAN"]

1. e4 Nf6 2. Nc3 e5 3. Nf3 Nc6 4. Bb5 d6 5. d3 Bd7 6. Bg5 Be7 7. O-O O-O 8. Qe2
Bg4 9. Bxc6 bxc6 10. h3 Bh5 11. Qe3 d5 12. exd5 cxd5 13. Qxe5 Bxf3 14. gxf3 Re8
15. Bxf6 Bxf6 16. Qxd5 Qc8 17. Rfe1 Rd8 18. Qh5 Rd4 19. Re4 g6 20. Qg4 Rd6 21.
Qxc8+ Rxc8 22. Rae1 Kf8 23. Na4 Rd5 24. b3 h5 25. Kf1 Rcd8 26. Rc4 Rf5 27. Rxc7
Rxf3 28. Kg2 Rf5 29. Rc5 Rf4 30. f3 Be7 31. Rc7 Bh4 32. Re4 Rxe4 33. fxe4 Rd6
34. e5 Re6 35. d4 f6 36. Nc5 Re8 37. e6 f5 38. d5 f4 39. Kf3 Bd8 40. Rf7+ Kg8
41. Kxf4 g5+ 42. Kf3 Kh8 43. Ne4 Rg8 44. Nf6 g4+ 45. hxg4 hxg4+ 46. Kg3 Bxf6
47. Rxf6 Rc8 48. c4 a5 49. Rf8+ Rxf8 50. e7 Rf3+ 51. Kxg4 Re3 52. d6 a4 53. d7
1-0

[Event "Mike Shpan mem"]
[Site "Winnipeg CAN"]
[Date "2010.12.07"]
[Round "6"]
[White "Milord, Frank"]
[Black "Ott, Richard"]
[Result "1-0"]
[WhiteElo "1669"]
[BlackElo "1694"]
[PlyCount "51"]
[EventDate "2010.11.02"]
[EventType "swiss"]
[EventRounds "6"]
[EventCountry "CAN"]

1. d4 d5 2. c4 e5 3. dxe5 d4 4. Nf3 Nc6 5. a3 Nge7 6. e4 Ng6 7. Be2 a5 8. Bg5
Be7 9. Bxe7 Qxe7 10. O-O O-O 11. Re1 Ngxe5 12. Nxd4 Nxd4 13. Qxd4 Rd8 14. Qe3
Be6 15. c5 Nc6 16. Nc3 Nd4 17. Bd1 Qxc5 18. Rc1 Qd6 19. Nd5 Nc6 20. Bb3 a4 21.
Ba2 Bxd5 22. Bxd5 Ne5 23. Qc3 c6 24. Ba2 Qg6 25. Qxe5 Rd2 26. g3 1-0

[Event "Mike Shpan mem"]
[Site "Winnipeg CAN"]
[Date "2010.12.07"]
[Round "6"]
[White "Milward, David"]
[Black "Iomdina, Alexander"]
[Result "1-0"]
[WhiteElo "1736"]
[BlackElo "1421"]
[PlyCount "53"]
[EventDate "2010.11.02"]
[EventType "swiss"]
[EventRounds "6"]
[EventCountry "CAN"]

1. e4 c5 2. Nf3 d6 3. d4 cxd4 4. Nxd4 Nf6 5. Nc3 g6 6. Be3 Bg7 7. f3 O-O 8. Qd2
Nc6 9. O-O-O Bd7 10. Kb1 Nxd4 11. Bxd4 Qa5 12. Nd5 Qxd2 13. Nxe7+ Kh8 14. Rxd2
Be6 15. Nd5 Bxd5 16. exd5 Nxd5 17. Bxg7+ Kxg7 18. Rxd5 Rfe8 19. Bc4 Rad8 20.
Rhd1 a6 21. a4 Rc8 22. b3 f5 23. Rxd6 Rc5 24. Rd7+ Kf6 25. Rxb7 Rec8 26. f4 a5
27. Rf7# 1-0

[Event "Mike Shpan mem"]
[Site "Winnipeg CAN"]
[Date "2010.12.07"]
[Round "6"]
[White "Reimer, Bruce"]
[Black "Afolabi, Damola"]
[Result "1-0"]
[WhiteElo "1585"]
[BlackElo "1322"]
[PlyCount "159"]
[EventDate "2010.11.02"]
[EventType "swiss"]
[EventRounds "6"]
[EventCountry "CAN"]

1. c4 g6 2. g3 Bg7 3. Bg2 e6 4. Nc3 Ne7 5. e4 b6 6. Nge2 Bb7 7. O-O d6 8. d4
O-O 9. Be3 Nd7 10. Qd2 a6 11. Bh6 Ra7 12. Bxg7 Kxg7 13. d5 e5 14. b4 Nf6 15.
Bh3 Qa8 16. Qe3 Bc8 17. Bxc8 Qxc8 18. Kg2 h5 19. h3 Rh8 20. f4 Nd7 21. f5 Nf6
22. Qg5 Neg8 23. fxg6 fxg6 24. b5 a5 25. Rf2 Nh7 26. Qh4 Ngf6 27. g4 hxg4 28.
hxg4 g5 29. Qg3 Nxg4 30. Rf5 Nhf6 31. Rxg5+ Kf7 32. Rh1 Rxh1 33. Kxh1 Qh8+ 34.
Kg2 Ra8 35. Ng1 Rg8 36. Rxg8 Qxg8 37. Kf1 Qg5 38. Nf3 Qc1+ 39. Qe1 Ne3+ 40. Ke2
Qxe1+ 41. Kxe1 Nxc4 42. Ng5+ Kg6 43. Ne6 Ne8 44. Ke2 Na3 45. Ke3 Kh5 46. Kf3
Kh4 47. Ke3 Kg4 48. Kd2 Nc4+ 49. Kd3 Na3 50. Kd2 Kh5 51. Ke3 Kg6 52. Kf3 Kf7
53. Kg4 Ke7 54. Kg5 Nc2 55. a4 Nd4 56. Nxd4 exd4 57. Ne2 d3 58. Nc3 Nf6 59. Kf4
d2 60. Ke3 Nd7 61. Kxd2 Nc5 62. Ke3 Kf6 63. Kf4 Kg6 64. e5 dxe5+ 65. Kxe5 Kf7
66. d6 Ke8 67. dxc7 Kd7 68. c8=Q+ Kxc8 69. Kd6 Kb7 70. Kd5 Kc7 71. Kc4 Kd6 72.
Ne2 Nxa4 73. Nd4 Nc5 74. Nf5+ Kc7 75. Nd4 a4 76. Kb4 Kd6 77. Nc2 Kd5 78. Na3
Kd4 79. Nc4 Nd7 80. Nb2 1-0

[Event "Mike Shpan mem"]
[Site "Winnipeg CAN"]
[Date "2010.12.07"]
[Round "6"]
[White "Trueman, Francis"]
[Black "Kumaragamage, Shashika"]
[Result "0-1"]
[WhiteElo "1557"]
[BlackElo "1400"]
[PlyCount "80"]
[EventDate "2010.11.02"]
[EventType "swiss"]
[EventRounds "6"]
[EventCountry "CAN"]

1. Nf3 d5 2. d3 c6 3. g3 Nf6 4. Nbd2 Bf5 5. Bg2 h6 6. O-O Nbd7 7. Re1 e6 8. Nh4
Bh7 9. e4 dxe4 10. dxe4 Be7 11. Qe2 O-O 12. Nb3 Nc5 13. Nxc5 Bxc5 14. Be3 Qb6
15. Bxc5 Qxc5 16. c3 Rfd8 17. Bf3 Rd7 18. Rad1 Rad8 19. Rxd7 Rxd7 20. Ng2 g5
21. g4 Qe5 22. h4 b5 23. hxg5 hxg5 24. Qc2 Kg7 25. Re3 Rd8 26. Ne1 Rh8 27. Nd3
Qc7 28. Kf1 c5 29. Qe2 c4 30. Nb4 a5 31. Nc2 Qf4 32. Ke1 Bg6 33. Nd4 Rh3 34.
Kd2 Bxe4 35. Qf1 Rxf3 36. Ne2 Rxf2 37. Qh3 Bd3 38. Ke1 Bxe2 39. Rxe2 Rxe2+ 40.
Kxe2 Qxg4+ 0-1

[Event "Mike Shpan mem"]
[Site "Winnipeg CAN"]
[Date "2010.12.07"]
[Round "6"]
[White "Wasserman, Leor"]
[Black "Joven, Perfecto"]
[Result "0-1"]
[WhiteElo "1776"]
[BlackElo "1949"]
[PlyCount "92"]
[EventDate "2010.11.02"]
[EventType "swiss"]
[EventRounds "6"]
[EventCountry "CAN"]

1. e4 e6 2. d4 d5 3. exd5 exd5 4. c4 dxc4 5. Bxc4 Nf6 6. Nc3 Bd6 7. Nge2 O-O 8.
O-O a6 9. a4 Nc6 10. Qc2 Bg4 11. f3 Bh5 12. Be3 Bg6 13. Qd2 Re8 14. h3 Nb4 15.
Rac1 c6 16. f4 b5 17. Bb3 Bd3 18. Na2 Ne4 19. Qe1 Bxe2 20. Nxb4 Bxb4 21. Qxb4
Bxf1 22. Rxf1 Qe7 23. Qxe7 Rxe7 24. d5 cxd5 25. axb5 axb5 26. Bxd5 Rd8 27. Bb3
Rd3 28. Rc1 g6 29. Rc8+ Kg7 30. Bc5 Nxc5 31. Bc2 Rd5 32. Rc6 Ne6 33. g3 Nd4 34.
Rc8 Nxc2 35. Rxc2 Red7 36. Rc6 Rd1+ 37. Kg2 R1d2+ 38. Kf3 Rxb2 39. g4 Re7 40.
Kg3 b4 41. g5 b3 42. Kg4 Re3 43. Kh4 Rc2 44. Rxc2 bxc2 45. f5 Re4+ 46. Kg3 gxf5
0-1

[Event "Millenium"]
[Site "Charlesbourg CAN"]
[Date "2010.11.29"]
[Round "2"]
[White "Arteau, Benoit"]
[Black "Beaudoin, Stephane"]
[Result "0-1"]
[WhiteElo "1847"]
[BlackElo "2023"]
[PlyCount "74"]
[EventDate "2010.11.22"]
[EventType "swiss"]
[EventRounds "5"]
[EventCountry "CAN"]

1. d4 Nf6 2. Nf3 g6 3. Nc3 Bg7 4. e4 d6 5. Bc4 O-O 6. Qe2 Nc6 7. h3 e5 8. dxe5
dxe5 9. Bg5 Be6 10. Bxe6 fxe6 11. Qc4 Qe8 12. O-O Nh5 13. Ne2 h6 14. Be3 g5 15.
Nh2 Qf7 16. Rad1 Nf4 17. Nxf4 exf4 18. Bc5 Rfd8 19. c3 b6 20. Ba3 Ne5 21. Qe2
c5 22. b3 Qc7 23. Ng4 Nc6 24. Bb2 Qf7 25. Rfe1 h5 26. Nh2 Qg6 27. Kh1 Kh7 28.
a3 a6 29. a4 Ne5 30. Nf3 g4 31. Nxe5 Bxe5 32. Ba1 Qf6 33. Rxd8 Rxd8 34. Qxa6
gxh3 35. gxh3 f3 36. Rg1 Qh4 37. Qf1 Rd1 0-1

[Event "Millenium"]
[Site "Charlesbourg CAN"]
[Date "2010.11.29"]
[Round "2"]
[White "Lapierre, Gaetan"]
[Black "Lessard, Claude"]
[Result "0-1"]
[WhiteElo "1906"]
[BlackElo "2083"]
[PlyCount "92"]
[EventDate "2010.11.22"]
[EventType "swiss"]
[EventRounds "5"]
[EventCountry "CAN"]

1. d4 d5 2. Nf3 Nf6 3. e3 Bg4 4. Be2 Nbd7 5. O-O e6 6. c4 c6 7. Nc3 Bd6 8. Nd2
Bxe2 9. Qxe2 O-O 10. e4 dxe4 11. Ndxe4 Nxe4 12. Nxe4 Be7 13. Bd2 Nf6 14. Bc3
Qc7 15. f4 Nxe4 16. Qxe4 Bf6 17. f5 exf5 18. Rxf5 Rfe8 19. Qf3 Qe7 20. Rf1 Qe3+
21. Qxe3 Rxe3 22. R5f3 Re4 23. Rd1 Rd8 24. Rfd3 g5 25. d5 Bxc3 26. Rxc3 Re2 27.
Rg3 h6 28. h4 f6 29. hxg5 hxg5 30. Rf1 Kg7 31. Rgf3 cxd5 32. Rxf6 Rxb2 33. R6f5
Kg6 34. Re5 dxc4 35. Rff5 Rd6 36. Rxg5+ Kf7 37. Rb5 c3 38. Rbc5 c2 39. Rc7+ Kf6
40. Rgc5 Rd2 41. a4 Rxg2+ 42. Kh1 Rd2 43. a5 a6 44. Rc3 Rb5 45. Rxc2 Rxc2 46.
Rxc2 Rxa5 0-1

[Event "Millenium"]
[Site "Charlesbourg CAN"]
[Date "2010.11.29"]
[Round "2"]
[White "Perron, Jonathan"]
[Black "Glode, Martin"]
[Result "1-0"]
[WhiteElo "2167"]
[BlackElo "1850"]
[PlyCount "87"]
[EventDate "2010.11.22"]
[EventType "swiss"]
[EventRounds "5"]
[EventCountry "CAN"]

1. e4 e5 2. Nf3 Nc6 3. Bb5 Nf6 4. O-O Nxe4 5. d4 Nd6 6. Bxc6 dxc6 7. dxe5 Nf5
8. Qxd8+ Kxd8 9. Nc3 h6 10. b3 Bd7 11. h3 Be7 12. Bb2 Kc8 13. Ne2 b6 14. Nf4
Rg8 15. Rfe1 g5 16. e6 fxe6 17. Nxe6 g4 18. hxg4 Nd6 19. Nxc7 Kxc7 20. Rxe7
Rae8 21. Rh7 Kc8 22. Rd1 Bxg4 23. Rxd6 Bxf3 24. Rg7 Rxg7 25. Bxg7 Bd5 26. c4
Kc7 27. Rxh6 Be4 28. Rf6 Re7 29. Bh6 Bb1 30. Bf4+ Kb7 31. a3 Ba2 32. Bd6 Rd7
33. c5 Bxb3 34. f4 Rg7 35. Kf2 Bd5 36. g3 Ka6 37. Rh6 Kb5 38. cxb6 axb6 39. f5
Kc4 40. Ke3 c5 41. Be5 Rg4 42. Rh4 Rxh4 43. gxh4 b5 44. h5 1-0

[Event "Millenium"]
[Site "Charlesbourg CAN"]
[Date "2010.12.06"]
[Round "3"]
[White "Beaudoin, Stephane"]
[Black "Poliquin, Yvon"]
[Result "1-0"]
[WhiteElo "2035"]
[BlackElo "2010"]
[PlyCount "117"]
[EventDate "2010.11.22"]
[EventType "swiss"]
[EventRounds "5"]
[EventCountry "CAN"]

1. e4 c5 2. Nf3 g6 3. d4 cxd4 4. Nxd4 Bg7 5. Nc3 Nc6 6. Nxc6 bxc6 7. Bd3 d6 8.
O-O Nf6 9. Rb1 O-O 10. Bg5 h6 11. Bh4 Nd7 12. f4 a5 13. Qf3 Ba6 14. Bxa6 Rxa6
15. Rfd1 Ra7 16. Na4 f6 17. Qb3+ Kh7 18. Bf2 Ra8 19. Qe6 Qe8 20. c4 c5 21. Nc3
Nb6 22. Bxc5 Qc8 23. Qxc8 Nxc8 24. Be3 f5 25. exf5 Rxf5 26. Rd5 Bxc3 27. bxc3
Rf7 28. Rb7 Kg8 29. Rdb5 Ra6 30. Rc7 Ra8 31. Rbb7 a4 32. g3 Rf8 33. Kg2 Kf7 34.
c5 Re8 35. c4 Kf8 36. g4 Kf7 37. Kf3 Kg7 38. h4 Kf6 39. Ke4 dxc5 40. Bxc5 Ra6
41. Bd4+ Kf7 42. c5 Ra8 43. a3 Rg8 44. Kd3 Ke6 45. Ke4 Kf7 46. Be5 Ke8 47. Kd5
g5 48. fxg5 hxg5 49. h5 Kf7 50. Rb2 Rd8+ 51. Ke4 Kg8 52. Rf2 Rd1 53. Rf5 Re1+
54. Kd5 Re3 55. Rxg5+ Kf8 56. h6 Na7 57. h7 Rd8+ 58. Ke6 Rxe5+ 59. Kxe5 1-0